Kreisfreie Städte in Bayern - Sudden Death - Statistiken

Allgemein
  • Dieses Quiz wurde 94 mal gespielt
  • Das Durchschnittsergebnis liegt bei 9 aus 16
Answers on the Grid
Answers color-coded by a green-red scale on the quiz's grid according to % correct below.
Salzburg
Fürth
Neumarkt
Lindau
Ingolstadt
Garmisch-Partenkirchen
Deggendorf
Neu-Ulm
Bayreuth
Schwabach
Passau
Kulmbach
Regensburg
Schweinfurt
Suhl
Konstanz
Ansbach
Straubing
Kempten
München
Forchheim
Augsburg
Aschaffenburg
Erding
Amberg
Dinkelsbühl
Memmingen
Dillingen
Freiburg
Weiden
 
Antwortstatistiken
Antwort % Korrekt
München
76%
Augsburg
70%
Ingolstadt
69%
Regensburg
69%
Bayreuth
66%
Fürth
64%
Passau
61%
Schweinfurt
59%
Aschaffenburg
56%
Kempten
49%
Memmingen
49%
Ansbach
46%
Straubing
41%
Amberg
39%
Schwabach
39%
Weiden
37%
Keine übereinstimmenden Quizze gefunden
Verteilung der Resultate
Anzahl Personen mit jedem Resultat
Perzentil nach korrekt beantworteten Fragen
Ihre Resultats-Entwicklung
Sie haben dieses Quiz noch nicht gespielt